书目信息 |
| 题名: |
中国文献编目规则
|
|
| 作者: | ;中国文献编目规则编撰小组 编 | |
| 分册: | ||
| 出版信息: | 广州 广东人民出版社 1996.10 |
|
| 页数: | 312页 | |
| 开本: | 20cm | |
| 丛书名: | ||
| 单 册: | ||
| 中图分类: | G254.31 | |
| 科图分类: | ||
| 主题词: | 图书馆学 , 图书馆事业 | |
| 电子资源: | ||
| ISBN: | 978-7-218-02219-2 | |
| 000 | 00703nam0 2200205 45 | |
| 001 | 2062181887 | |
| 005 | 20200515171825.27 | |
| 010 | @a978-7-218-02219-2@dRMB 68.00 | |
| 100 | @a20200515d1996 km y0chiy0120 ea | |
| 101 | 0 | @achi |
| 102 | @aCN@b440000 | |
| 200 | 1 | @a中国文献编目规则@Azhong guo wen xian bian mu gui ze@f中国文献编目规则编撰小组编@Fzhong guo wen xian bian mu gui ze bian zhuan xiao zu bian |
| 210 | @a广州@c广东人民出版社@d1996.10 | |
| 215 | @a312页@d20cm | |
| 606 | 0 | @a图书馆学 |
| 606 | 0 | @a图书馆事业 |
| 690 | @aG254.31@v4 | |
| 711 | 02 | @a中国文献编目规则编撰小组@Azhong guo wen xian bian mu gui ze bian zhuan xiao zu@4编 |
| 801 | 0 | @aCN@bPFT@c20200515 |
| 905 | @a10447@dG254.31@eZ6571 | |
| 中国文献编目规则/中国文献编目规则编撰小组编.-广州:广东人民出版社,1996.10 |
| 312页;20cm |
| ISBN 978-7-218-02219-2:RMB 68.00 |
| ● |
| 相关链接 |
|
|
|
正题名:中国文献编目规则
索取号:G254.31/Z6571
 
预约/预借
| 序号 | 登录号 | 条形码 | 馆藏地/架位号 | 状态 | 备注 |
| 1 | 0166634 | 201666349 | 社科库409/409社科库 59排6列2层/ [索取号:G254.31/Z6571] | 在馆 |